| 000 | 005540000a22002050004500 | ||
|---|---|---|---|
| 003 | LK-CoMWRAF | ||
| 005 | 20230906104944.0 | ||
| 008 | 230817t1993 ||||| |||| 00| 0 eng d | ||
| 020 | _a9844670098 | ||
| 040 |
_aLK-CoMWRAF _dLK-CoMWRAF _eLK-CoMWRAF |
||
| 041 | _aeng | ||
| 082 |
_a894.81 _bHOS |
||
| 100 | _aHossain, Begum Rokeya Sakhawat | ||
| 245 | _aSultana's Dream | ||
| 260 |
_aBangladesh : _bNarigrantha Prabartana, _c1993 |
||
| 300 | _a31p | ||
| 650 | _aWomen authors - History and criticism | ||
| 650 | _aShort stories, Tamil | ||
| 942 | _cBK | ||
| 999 |
_c551 _d551 |
||